Diseño y desarrollo de un manual de procedimientos basado en el modelo CAPABILITY MATURITY MODEL INTEGRATION MOPROSOFT para la construcion de software de la Corporacion Universitaria Rafael Nuñez / (Registro nro. 4790)

Detalles MARC
000 -LEADER
fixed length control field 02217nam a2200241 4500
001 - CONTROL NUMBER
control field 0000008468
005 - DATE AND TIME OF LATEST TRANSACTION
control field 20250329165448.0
008 - FIXED-LENGTH DATA ELEMENTS--GENERAL INFORMATION
fixed length control field 180125s2017 000 0 eng d
040 ## - CATALOGING SOURCE
Original cataloging agency CO-CtgCURN
Language of cataloging spa
Transcribing agency coctgcurn
082 0# - DEWEY DECIMAL CLASSIFICATION NUMBER
Classification number INS 2017
Item number C227
100 1# - MAIN ENTRY--PERSONAL NAME
Personal name Canoles Rodriguez, Jefferson.
245 10 - TITLE STATEMENT
Title Diseño y desarrollo de un manual de procedimientos basado en el modelo CAPABILITY MATURITY MODEL INTEGRATION MOPROSOFT para la construcion de software de la Corporacion Universitaria Rafael Nuñez /
Statement of responsibility, etc. Jefferson Canoles Rodriguez ; Barrios Berti Kevin Jos.
260 ## - PUBLICATION, DISTRIBUTION, ETC.
Place of publication, distribution, etc. Cartagena de Indias :
Name of publisher, distributor, etc. Corporacion Universitaria Rafael Nuñez,
Date of publication, distribution, etc. 2017.
300 ## - PHYSICAL DESCRIPTION
Extent 104 P.
502 ## - DISSERTATION NOTE
Dissertation note Trabajo de Grado. (Ingeniero de Sistemas ). Corporacion Universitaria Rafael Nuñez . Facultad de Ingenieria de Sistemas. Programa de Ingenieria de Sistemas, 2017.
520 ## - SUMMARY, ETC.
Summary, etc. En M xico, las micro, pequeñas y medianas empresas emplean alrededor del 78, del total de la poblacion economica activa, por ello la importancia de apoyar su desarrollo. Los estandares de calidad ayudan a hacerlas competentes en el mercado laboral. Los estandares que MOPROSOFT, se define por organizaciones internacionales y se diseñan para empresas grandes . Se presenta la solucion en este documento, el cual es un manual basado en el modelo de procesos de software que cumpla con las necesiades de dpto de ayudas de la Curn, puesto que no cumplen con un modelo de procesos definidos, para estos se utilizar el modelo de procesos MOPROSOFT , el cual contiene tres niveles, el nivel de alta direccion y gerencia se reunen en un solo nivel y el nivel de operacion se conserva, la administracion de proyectos especificos y el desarrollo y mantenimiento de software cambia.
650 #0 - SUBJECT ADDED ENTRY--TOPICAL TERM
Topical term or geographic name entry element Ingenieria de Sistemas
Form subdivision Tesis y Disertaciones Academicas.
700 1# - ADDED ENTRY--PERSONAL NAME
Personal name Barrios Berti, Kevin Jose.
700 1# - ADDED ENTRY--PERSONAL NAME
Personal name Blanquicett Benavides, Luis Alfredo,
Titles and other words associated with a name Director.
856 7# - ELECTRONIC LOCATION AND ACCESS
Uniform Resource Identifier <a href="https://unicurn.sharepoint.com/:b:/s/biblioteca/EVZvDyjxx1dAhDQGBm61QHEBlkqJL9H8IjoHkaXA4WD_Kw?e=i0W65Q">https://unicurn.sharepoint.com/:b:/s/biblioteca/EVZvDyjxx1dAhDQGBm61QHEBlkqJL9H8IjoHkaXA4WD_Kw?e=i0W65Q</a>
Public note Click aqui para ver el recurso en texto completo
942 ## - ADDED ENTRY ELEMENTS (KOHA)
Source of classification or shelving scheme Dewey Decimal Classification
Koha item type Trabajos de grado
Classification part INS 2017
Item part C227
Existencias
Withdrawn status Lost status Damaged status Not for loan Collection Home library Current library Shelving location Date acquired Cost, normal purchase price Inventory number Total checkouts Full call number Barcode Date last seen Price effective from Koha item type
        Trabajos de grado Miguel Henríquez Castañeda Miguel Henríquez Castañeda Trabajo de grado 03/16/2018 35000.00 021956   INS 2017 C227 021956 03/16/2018 03/16/2018 Trabajos de grado